[Event "Winnipeg TNT May op"]
[Site "Winnipeg CAN"]
[Date "2013.05.07"]
[Round "1"]
[White "Mundwiler, Les"]
[Black "Remillard, John"]
[Result "1-0"]
[WhiteElo "2034"]
[BlackElo "1633"]
[PlyCount "43"]
[GameId "2160767909356183"]
[EventDate "2013.05.07"]
[EventType "swiss"]
[EventRounds "4"]
[EventCountry "CAN"]
[SourceTitle "EXT 2022"]
[Source "ChessBase"]
[SourceDate "2021.10.06"]
[SourceVersion "1"]
[SourceVersionDate "2021.10.06"]
[SourceQuality "1"]

1. d4 Nf6 2. c4 c5 3. e3 cxd4 4. exd4 d5 5. Nc3 dxc4 6. Bxc4 g6 7. Nf3 Bg7 8. O-O O-O 9. h3 Bf5 10. Ne5 Qc8 11. Qb3 e6 12. g4 Be4 13. g5 Bd5 14. gxf6 Bxf6 15. Bxd5 exd5 16. Nxd5 Bd8 17. Bh6 Re8 18. Nxf7 Kxf7 19. Nc7+ Kf6 20. Nxe8+ Ke7 21. Rfe1+ Kd7 22. Qd5# 1-0

[Event "Winnipeg TNT May op"]
[Site "Winnipeg CAN"]
[Date "2013.05.07"]
[Round "1"]
[White "Reimer, Bruce"]
[Black "Repa, Jason"]
[Result "0-1"]
[WhiteElo "1651"]
[BlackElo "2148"]
[PlyCount "126"]
[GameId "2160767909356184"]
[EventDate "2013.05.07"]
[EventType "swiss"]
[EventRounds "4"]
[EventCountry "CAN"]
[SourceTitle "EXT 2022"]
[Source "ChessBase"]
[SourceDate "2021.10.06"]
[SourceVersion "1"]
[SourceVersionDate "2021.10.06"]
[SourceQuality "1"]

1. c4 e6 2. g3 d5 3. cxd5 exd5 4. Bg2 Nf6 5. d4 c6 6. Nc3 Bd6 7. Bg5 h6 8. Bxf6 Qxf6 9. Nf3 O-O 10. O-O Bg4 11. h3 Bh5 12. e4 dxe4 13. Nxe4 Qd8 14. Qd2 Na6 15. a3 Nc7 16. Nc3 Qf6 17. Ne4 Qd8 18. Nc3 Qd7 19. Ne1 Rad8 20. Nd3 Bg6 21. Rad1 Bf5 22. Kh2 Be6 23. b4 Qc8 24. Nf4 Bb3 25. Rb1 Bc4 26. Rfe1 Ne6 27. Nxe6 Bxe6 28. Rbc1 Qb8 29. Ne4 Bd5 30. Nxd6 Qxd6 31. Bxd5 Qxd5 32. Rcd1 Rd7 33. Qe3 Rfd8 34. Rd3 Qf5 35. Red1 Rd5 36. R1d2 a6 37. f3 Qd7 38. Kg2 Re8 39. Qf2 g6 40. g4 Qe7 41. f4 Kg7 42. h4 h5 43. g5 Qe4+ 44. Qf3 Qe1 45. Kh3 Qe6+ 46. Kg3 Qd7 47. Qd1 Re4 48. Qf3 Rexd4 49. Rxd4 Rxd4 50. Rxd4 Qxd4 51. Qf2 Qd3+ 52. Qf3 Qf5 53. Qc3+ Kg8 54. Qf3 Qb1 55. Qe3 Qf5 56. Qf3 Kf8 57. Qd1 Ke7 58. Qe2+ Qe6 59. Qxe6+ Kxe6 60. Kf3 Kf5 61. Ke3 Kg4 62. Ke4 Kxh4 63. Ke5 Kg4 0-1

[Event "Winnipeg TNT May op"]
[Site "Winnipeg CAN"]
[Date "2013.05.07"]
[Round "1"]
[White "Schulz, Waldemar"]
[Black "Samson, Larry"]
[Result "1/2-1/2"]
[WhiteElo "1975"]
[BlackElo "1531"]
[PlyCount "107"]
[GameId "2160767909356186"]
[EventDate "2013.05.07"]
[EventType "swiss"]
[EventRounds "4"]
[EventCountry "CAN"]
[SourceTitle "EXT 2022"]
[Source "ChessBase"]
[SourceDate "2021.10.06"]
[SourceVersion "1"]
[SourceVersionDate "2021.10.06"]
[SourceQuality "1"]

1. Nf3 Nf6 2. c4 g6 3. Nc3 Bg7 4. g3 d6 5. d4 Nbd7 6. Bg2 c6 7. O-O O-O 8. Qc2 e5 9. Rd1 Qe7 10. e4 Re8 11. d5 c5 12. Re1 Nf8 13. Bd2 h6 14. h3 Kh7 15. a3 a6 16. Na2 Qc7 17. Nc1 a5 18. Ne2 Bd7 19. Nc3 b6 20. Kh2 Ng8 21. Ng1 g5 22. Nf3 f6 23. Rf1 Ng6 24. Ng1 N8e7 25. Nge2 Rf8 26. Rae1 h5 27. Ng1 g4 28. h4 Ng8 29. Nge2 Nh6 30. Ng1 Qd8 31. Nb5 Bxb5 32. cxb5 Rh8 33. Ne2 Nf7 34. f4 gxf3 35. Bxf3 Kg8 36. Nc3 Nh6 37. Qd1 Ng4+ 38. Bxg4 hxg4 39. Qxg4 Qe8 40. h5 Kf8 41. Kg2 Ne7 42. Rh1 Bh6 43. Bxh6+ Rxh6 44. Ref1 Ng8 45. a4 Ra7 46. Kf2 Rg7 47. Qf3 Rg5 48. g4 Qf7 49. Nd1 Qg7 50. Ne3 Ne7 51. Rfg1 Ke8 52. Rg3 Kd7 53. Rgg1 Kc7 54. Ke2 1/2-1/2

[Event "Winnipeg TNT May op"]
[Site "Winnipeg CAN"]
[Date "2013.05.07"]
[Round "1"]
[White "Towns, Barry"]
[Black "Babb, Jeff"]
[Result "0-1"]
[WhiteElo "1727"]
[BlackElo "2196"]
[PlyCount "112"]
[GameId "2160767909356187"]
[EventDate "2013.05.07"]
[EventType "swiss"]
[EventRounds "4"]
[EventCountry "CAN"]
[SourceTitle "EXT 2022"]
[Source "ChessBase"]
[SourceDate "2021.10.06"]
[SourceVersion "1"]
[SourceVersionDate "2021.10.06"]
[SourceQuality "1"]

1. e4 d5 2. exd5 Nf6 3. d4 Nxd5 4. c4 Nb4 5. a3 N4a6 6. Nf3 c5 7. Be2 g6 8. O-O Bg7 9. Be3 O-O 10. Nc3 b6 11. b4 cxb4 12. axb4 Nxb4 13. Qb3 N4c6 14. Rfd1 Bb7 15. d5 Ne5 16. Nxe5 Bxe5 17. f4 Bg7 18. c5 Bxc3 19. Qxc3 bxc5 20. Bxc5 Nd7 21. Bxa7 Nf6 22. Bf3 Bxd5 23. Bxd5 Nxd5 24. Qc6 e6 25. Rd4 Qe7 26. Rda4 Rac8 27. Qa6 Rc7 28. Rc4 Rxc4 29. Qxc4 Ra8 30. Bd4 Rxa1+ 31. Bxa1 Qc7 32. Qd4 Qb6 33. Qxb6 Nxb6 34. Kf2 Nd5 35. g3 f6 36. Kf3 Kf7 37. Bd4 h6 38. h4 h5 39. Bb2 Ke7 40. Ba3+ Kd7 41. Bc5 e5 42. fxe5 fxe5 43. g4 Ke6 44. gxh5 gxh5 45. Bf2 Kf5 46. Bc5 Nf4 47. Kg3 Ke4 48. Be7 Ne2+ 49. Kf2 Nd4 50. Bd8 Kf4 51. Bg5+ Ke4 52. Bd8 Kd3 53. Bc7 e4 54. Kg3 e3 55. Ba5 Ke4 56. Bc3 Ne2+ 0-1

[Event "Winnipeg TNT May op"]
[Site "Winnipeg CAN"]
[Date "2013.05.07"]
[Round "1"]
[White "Trueman, Francis"]
[Black "Swift, Ryne"]
[Result "0-1"]
[WhiteElo "1480"]
[BlackElo "1906"]
[PlyCount "63"]
[GameId "2160767909356188"]
[EventDate "2013.05.07"]
[EventType "swiss"]
[EventRounds "4"]
[EventCountry "CAN"]
[SourceTitle "EXT 2022"]
[Source "ChessBase"]
[SourceDate "2021.10.06"]
[SourceVersion "1"]
[SourceVersionDate "2021.10.06"]
[SourceQuality "1"]

1. Nf3 Nf6 2. d3 d5 3. g3 e6 4. Bg2 Bd6 5. Nbd2 O-O 6. O-O c5 7. Re1 Nc6 8. e4 dxe4 9. dxe4 e5 10. Nc4 Bc7 11. Qxd8 Rxd8 12. Bg5 Be6 13. Ncd2 Nb4 14. Rec1 Nxa2 15. Rd1 Nb4 16. Ne1 Nc6 17. Ndf3 Rxd1 18. Rxd1 Nxe4 19. Be3 f5 20. Nd3 Rd8 21. Nfe1 c4 22. f3 Nf6 23. Nf2 Rxd1 24. Nxd1 Nd5 25. Bd2 Bb6+ 26. Kh1 Bc5 27. g4 f4 28. Bf1 b5 29. b3 cxb3 30. cxb3 a6 31. Kg2 Ne3+ 32. Nxe3 0-1

[Event "Winnipeg TNT May op"]
[Site "Winnipeg CAN"]
[Date "2013.05.14"]
[Round "2"]
[White "Babb, Jeff"]
[Black "Mundwiler, Les"]
[Result "1-0"]
[WhiteElo "2196"]
[BlackElo "2034"]
[PlyCount "49"]
[GameId "2160767909356189"]
[EventDate "2013.05.07"]
[EventType "swiss"]
[EventRounds "4"]
[EventCountry "CAN"]
[SourceTitle "EXT 2022"]
[Source "ChessBase"]
[SourceDate "2021.10.06"]
[SourceVersion "1"]
[SourceVersionDate "2021.10.06"]
[SourceQuality "1"]

1. f4 g6 2. Nf3 Bg7 3. e3 d5 4. Be2 Bg4 5. O-O Bxf3 6. Bxf3 c6 7. d3 Nf6 8. e4 dxe4 9. dxe4 Qxd1 10. Rxd1 O-O 11. e5 Nfd7 12. Be3 f6 13. e6 Nb6 14. Na3 f5 15. c3 Na4 16. Rd2 Na6 17. Nc4 N4c5 18. Na5 Rab8 19. Re1 Rfd8 20. Rxd8+ Rxd8 21. Be2 Rb8 22. Bc4 Kf8 23. Re2 Rc8 24. Nxb7 Nxb7 25. Bxa6 1-0

[Event "Winnipeg TNT May op"]
[Site "Winnipeg CAN"]
[Date "2013.05.14"]
[Round "2"]
[White "Baron, Gustav"]
[Black "Leaden, Bruce"]
[Result "1-0"]
[WhiteElo "1859"]
[BlackElo "1609"]
[PlyCount "57"]
[GameId "2160767909356190"]
[EventDate "2013.05.07"]
[EventType "swiss"]
[EventRounds "4"]
[EventCountry "CAN"]
[SourceTitle "EXT 2022"]
[Source "ChessBase"]
[SourceDate "2021.10.06"]
[SourceVersion "1"]
[SourceVersionDate "2021.10.06"]
[SourceQuality "1"]

1. e4 e6 2. d4 d5 3. Nd2 c5 4. exd5 cxd4 5. dxe6 Bxe6 6. Ngf3 Nc6 7. Nb3 Bxb3 8. axb3 Bb4+ 9. Bd2 Bxd2+ 10. Qxd2 Nf6 11. Bb5 Qe7+ 12. Qe2 Qxe2+ 13. Kxe2 O-O 14. Bxc6 bxc6 15. Nxd4 Rfe8+ 16. Kf3 c5 17. Nb5 Re7 18. Rhd1 Ne4 19. Rxa7 Ng5+ 20. Kg4 Rexa7 21. Nxa7 Ne6 22. Rd7 Nd4 23. b4 Re8 24. c3 Re4+ 25. Kh3 Ne6 26. bxc5 h5 27. g3 Nxc5 28. Rd8+ Kh7 29. Rd5 1-0

[Event "Winnipeg TNT May op"]
[Site "Winnipeg CAN"]
[Date "2013.05.14"]
[Round "2"]
[White "De Groot, Steven"]
[Black "Lipnowski, Samuel"]
[Result "0-1"]
[WhiteElo "1976"]
[BlackElo "2224"]
[PlyCount "58"]
[GameId "2160767909356191"]
[EventDate "2013.05.07"]
[EventType "swiss"]
[EventRounds "4"]
[EventCountry "CAN"]
[SourceTitle "EXT 2022"]
[Source "ChessBase"]
[SourceDate "2021.10.06"]
[SourceVersion "1"]
[SourceVersionDate "2021.10.06"]
[SourceQuality "1"]

1. c4 c6 2. Nc3 d5 3. cxd5 cxd5 4. g3 d4 5. Qa4+ Nc6 6. Nb5 e5 7. Bg2 Bd7 8. Qb3 Be6 9. Qa4 a6 10. Na3 Bd5 11. Nf3 b5 12. Qd1 e4 13. Nh4 Be7 14. Nf5 Bf6 15. d3 exd3 16. e4 dxe3 17. Nxe3 Bxg2 18. Nxg2 Qe7+ 19. Ne3 Qb4+ 20. Qd2 Qxd2+ 21. Kxd2 O-O-O 22. Nb1 Nge7 23. Nc3 Nd4 24. Kd1 Nf3 25. Bd2 Nxd2 26. Kxd2 Kb7 27. Rac1 Nc6 28. f4 Rhe8 29. a3 Nd4 0-1

[Event "Winnipeg TNT May op"]
[Site "Winnipeg CAN"]
[Date "2013.05.14"]
[Round "2"]
[White "Le Dorze, Philippe"]
[Black "Schulz, Waldemar"]
[Result "0-1"]
[WhiteElo "1777"]
[BlackElo "1975"]
[PlyCount "70"]
[GameId "2160767909356193"]
[EventDate "2013.05.07"]
[EventType "swiss"]
[EventRounds "4"]
[EventCountry "CAN"]
[SourceTitle "EXT 2022"]
[Source "ChessBase"]
[SourceDate "2021.10.06"]
[SourceVersion "1"]
[SourceVersionDate "2021.10.06"]
[SourceQuality "1"]

1. d4 Nf6 2. c4 g6 3. Nc3 d5 4. Nf3 Bg7 5. Bf4 O-O 6. cxd5 Nxd5 7. Nxd5 Qxd5 8. Bxc7 Nc6 9. e3 Bf5 10. Bd3 Bxd3 11. Qxd3 Rfc8 12. e4 Qd7 13. Bf4 Nb4 14. Qd2 Nc2+ 15. Ke2 Nxa1 16. Rxa1 Qb5+ 17. Ke1 Qc6 18. e5 Qe4+ 19. Be3 Rc2 20. Qb4 e6 21. Kd1 Rac8 22. Qb3 Qc6 23. Bd2 b6 24. Ne1 Rc4 25. Nf3 Bf8 26. a3 Qa4 27. Qxa4 Rxa4 28. b4 a5 29. bxa5 bxa5 30. Bc1 Bb4 31. Bb2 Bc3 32. Kc2 Bxd4+ 33. Kb3 Bxb2 34. Rb1 Rxa3+ 35. Kxb2 Rb8+ 0-1

[Event "Winnipeg TNT May op"]
[Site "Winnipeg CAN"]
[Date "2013.05.14"]
[Round "2"]
[White "Remillard, John"]
[Black "Towns, Barry"]
[Result "1/2-1/2"]
[WhiteElo "1633"]
[BlackElo "1727"]
[PlyCount "66"]
[GameId "2160767909356194"]
[EventDate "2013.05.07"]
[EventType "swiss"]
[EventRounds "4"]
[EventCountry "CAN"]
[SourceTitle "EXT 2022"]
[Source "ChessBase"]
[SourceDate "2021.10.06"]
[SourceVersion "1"]
[SourceVersionDate "2021.10.06"]
[SourceQuality "1"]

1. c4 e5 2. Nc3 Nf6 3. d3 Bc5 4. Bg5 Bxf2+ 5. Kxf2 Ng4+ 6. Ke1 Qxg5 7. Ne4 Qh6 8. Nf3 d5 9. cxd5 O-O 10. Rc1 f5 11. Nc5 Na6 12. Nxa6 Qxa6 13. Rxc7 Qxa2 14. Qc1 e4 15. dxe4 fxe4 16. Ng5 Qxd5 17. Rc5 Qd4 18. Rc7 Nf2 19. Rg1 Nd3+ 20. exd3 Qxg1 21. Qc4+ Kh8 22. Nf7+ Rxf7 23. Qxf7 Qe3+ 24. Kd1 Bg4+ 25. Kc2 Qd4 26. Re7 exd3+ 27. Bxd3 Rc8+ 28. Rc7 Qa4+ 29. Kb1 Qd1+ 30. Ka2 Rg8 31. Bc4 Qa4+ 32. Kb1 Qd1+ 33. Ka2 Qa4+ 1/2-1/2

[Event "Winnipeg TNT May op"]
[Site "Winnipeg CAN"]
[Date "2013.05.14"]
[Round "2"]
[White "Repa, Jason"]
[Black "Rutter, Blair"]
[Result "1-0"]
[WhiteElo "2148"]
[BlackElo "1864"]
[PlyCount "65"]
[GameId "2160767909356195"]
[EventDate "2013.05.07"]
[EventType "swiss"]
[EventRounds "4"]
[EventCountry "CAN"]
[SourceTitle "EXT 2022"]
[Source "ChessBase"]
[SourceDate "2021.10.06"]
[SourceVersion "1"]
[SourceVersionDate "2021.10.06"]
[SourceQuality "1"]

1. f4 d5 2. Nf3 c5 3. e3 Nc6 4. Bb5 Bd7 5. b3 Nf6 6. O-O e6 7. Bb2 Be7 8. d3 Qb6 9. Bxc6 Bxc6 10. Nbd2 Rd8 11. Qe2 O-O 12. Ne5 a5 13. a4 d4 14. Ndc4 Qc7 15. Nxc6 Qxc6 16. Nxa5 Qc7 17. Nc4 Nd5 18. Qg4 f5 19. Qg3 Rf6 20. Rae1 Rg6 21. Qf3 Bf6 22. e4 fxe4 23. Rxe4 Re8 24. g3 Qd7 25. f5 Rg5 26. fxe6 Rxe6 27. Bc1 Rg6 28. Qf5 Re7 29. Rxe7 Qxf5 30. Re8+ Kf7 31. Rxf5 Ne7 32. Rxe7+ Kxe7 33. Bf4 1-0

[Event "Winnipeg TNT May op"]
[Site "Winnipeg CAN"]
[Date "2013.05.14"]
[Round "2"]
[White "Samson, Larry"]
[Black "Wasserman, Leor"]
[Result "1-0"]
[WhiteElo "1531"]
[BlackElo "2041"]
[PlyCount "105"]
[GameId "2160767909356196"]
[EventDate "2013.05.07"]
[EventType "swiss"]
[EventRounds "4"]
[EventCountry "CAN"]
[SourceTitle "EXT 2022"]
[Source "ChessBase"]
[SourceDate "2021.10.06"]
[SourceVersion "1"]
[SourceVersionDate "2021.10.06"]
[SourceQuality "1"]

1. e4 c5 2. Nf3 d6 3. d4 Nf6 4. Nc3 cxd4 5. Nxd4 a6 6. Bg5 e6 7. f3 b5 8. Qd2 Bb7 9. O-O-O Be7 10. h4 h6 11. Be3 Nbd7 12. Kb1 Nc5 13. Rg1 b4 14. Nce2 Rb8 15. Nc1 O-O 16. g4 Nfd7 17. h5 Bf6 18. g5 hxg5 19. Bxg5 Ne5 20. Be2 Na4 21. Rg3 Nc3+ 22. bxc3 bxc3 23. Qe3 Bd5+ 24. Ncb3 Bc4 25. Bxf6 Qxf6 26. Rdg1 Bxe2 27. Qxe2 g6 28. hxg6 Nxg6 29. Nxe6 Qxe6 30. f4 d5 31. f5 Qxe4 32. Qxe4 dxe4 33. Rxc3 a5 34. Kc1 a4 35. Nc5 Rfe8 36. Nd7 e3 37. Nxb8 e2 38. Kd2 e1=Q+ 39. Rxe1 Ne5 40. Kc1 f6 41. Nd7 Nd3+ 42. Rxd3 Rxe1+ 43. Kd2 Ra1 44. Ra3 Rh1 45. Rxa4 Rh2+ 46. Kc3 Rh3+ 47. Kb2 Kf7 48. Ra6 Rf3 49. Nxf6 Rxf5 50. Ne4 Rb5+ 51. Kc3 Ke7 52. a4 Rh5 53. Kd4 1-0

[Event "Winnipeg TNT May op"]
[Site "Winnipeg CAN"]
[Date "2013.05.14"]
[Round "2"]
[White "Swift, Ryne"]
[Black "Dawa, Arvin"]
[Result "0-1"]
[WhiteElo "1906"]
[BlackElo "2158"]
[PlyCount "90"]
[GameId "2160767909356197"]
[EventDate "2013.05.07"]
[EventType "swiss"]
[EventRounds "4"]
[EventCountry "CAN"]
[SourceTitle "EXT 2022"]
[Source "ChessBase"]
[SourceDate "2021.10.06"]
[SourceVersion "1"]
[SourceVersionDate "2021.10.06"]
[SourceQuality "1"]

1. e4 c6 2. d4 d5 3. exd5 cxd5 4. Nf3 Nc6 5. Bd3 Bg4 6. c3 e6 7. O-O Nf6 8. Bg5 Be7 9. Nbd2 O-O 10. Qc2 h6 11. Bxf6 Bxf6 12. h3 Bxf3 13. Nxf3 Qc7 14. Rad1 a6 15. Rfe1 Rfc8 16. Qe2 Na5 17. Ne5 Bxe5 18. Qxe5 Qxe5 19. Rxe5 b5 20. f4 g6 21. g4 Nc6 22. Re3 b4 23. Rd2 bxc3 24. bxc3 Nd8 25. Be2 a5 26. c4 dxc4 27. Rc3 Rab8 28. Rxc4 Rxc4 29. Bxc4 Rb4 30. Rc2 Nb7 31. Ba6 Nd6 32. Rd2 Ne4 33. Rd3 Rb1+ 34. Kg2 Rb2+ 35. Kf3 Nd2+ 36. Ke3 Nf1+ 37. Ke4 Re2+ 38. Kf3 Rxa2 39. Ke4 Kg7 40. Rc3 Nd2+ 41. Ke5 a4 42. f5 gxf5 43. gxf5 exf5 44. Rg3+ Kf8 45. Kf6 Ne4+ 0-1

[Event "Winnipeg TNT May op"]
[Site "Winnipeg CAN"]
[Date "2013.05.21"]
[Round "3"]
[White "Dawa, Arvin"]
[Black "Babb, Jeff"]
[Result "0-1"]
[WhiteElo "2158"]
[BlackElo "2196"]
[PlyCount "66"]
[GameId "2160767909356198"]
[EventDate "2013.05.07"]
[EventType "swiss"]
[EventRounds "4"]
[EventCountry "CAN"]
[SourceTitle "EXT 2022"]
[Source "ChessBase"]
[SourceDate "2021.10.06"]
[SourceVersion "1"]
[SourceVersionDate "2021.10.06"]
[SourceQuality "1"]

1. Nf3 d6 2. d4 g6 3. c4 f5 4. Nc3 Nf6 5. Bf4 c6 6. g3 Bg7 7. Bg2 Qb6 8. Rb1 e5 9. dxe5 Ng4 10. O-O dxe5 11. Bd2 e4 12. Na4 Qd8 13. Ne1 O-O 14. h3 Ne5 15. Qc2 Be6 16. b3 Nbd7 17. f3 b5 18. Nb2 Qb6+ 19. Kh2 Nf6 20. Bc3 Qc7 21. f4 Nf7 22. Bxf6 Bxf6 23. cxb5 c5 24. Nc4 Qb7 25. a4 a6 26. b6 a5 27. Qc1 Qa6 28. b7 Qxb7 29. Nd3 Qc7 30. Nf2 Rab8 31. Qe1 Rb4 32. Nd1 Bxc4 33. bxc4 Rxb1 0-1

[Event "Winnipeg TNT May op"]
[Site "Winnipeg CAN"]
[Date "2013.05.21"]
[Round "3"]
[White "Lipnowski, Samuel"]
[Black "Repa, Jason"]
[Result "1-0"]
[WhiteElo "2224"]
[BlackElo "2148"]
[PlyCount "47"]
[GameId "2160767909356200"]
[EventDate "2013.05.07"]
[EventType "swiss"]
[EventRounds "4"]
[EventCountry "CAN"]
[SourceTitle "EXT 2022"]
[Source "ChessBase"]
[SourceDate "2021.10.06"]
[SourceVersion "1"]
[SourceVersionDate "2021.10.06"]
[SourceQuality "1"]

1. e4 e6 2. d4 d5 3. Nc3 dxe4 4. Nxe4 Bd7 5. Nf3 Bc6 6. Bd3 Nd7 7. O-O Bxe4 8. Bxe4 c6 9. c4 Ngf6 10. Bc2 Bd6 11. Re1 O-O 12. Ne5 Bb4 13. Re3 Nxe5 14. Rxe5 Bd6 15. Re3 Qc7 16. Rh3 Bf4 17. Qf3 Bxc1 18. Rxc1 h5 19. Rg3 Rfd8 20. Qxf6 Qxg3 21. Qxd8+ Rxd8 22. hxg3 Rxd4 23. Rd1 Rxd1+ 24. Bxd1 1-0

[Event "Winnipeg TNT May op"]
[Site "Winnipeg CAN"]
[Date "2013.05.21"]
[Round "3"]
[White "Mandusic, Ante"]
[Black "Baron, Gustav"]
[Result "0-1"]
[WhiteElo "1232"]
[BlackElo "1854"]
[PlyCount "68"]
[GameId "2160767909356201"]
[EventDate "2013.05.07"]
[EventType "swiss"]
[EventRounds "4"]
[EventCountry "CAN"]
[SourceTitle "EXT 2022"]
[Source "ChessBase"]
[SourceDate "2021.10.06"]
[SourceVersion "1"]
[SourceVersionDate "2021.10.06"]
[SourceQuality "1"]

1. e4 c6 2. d4 d5 3. e5 Bf5 4. Nf3 e6 5. Be3 Ne7 6. Be2 Nd7 7. Nbd2 c5 8. c3 Nc6 9. c4 dxc4 10. Nxc4 cxd4 11. Bxd4 Bb4+ 12. Bc3 Bxc3+ 13. bxc3 O-O 14. O-O Qc7 15. Rb1 Bxb1 16. Qxb1 Ndxe5 17. Re1 Nxc4 18. Bxc4 Rac8 19. Bd3 h6 20. Be4 Rfd8 21. Qc2 b6 22. Nd2 Qf4 23. Re2 Nd4 24. cxd4 Rxc2 25. g3 Qxd2 26. Rxd2 Rxd2 27. a4 R8xd4 28. Bc6 g5 29. Kg2 g4 30. Bb7 Rxa4 31. Bc6 Raa2 32. Be4 Rxf2+ 33. Kg1 Rfe2 34. Bd3 Ra1+ 0-1

[Event "Winnipeg TNT May op"]
[Site "Winnipeg CAN"]
[Date "2013.05.21"]
[Round "3"]
[White "Mundwiler, Les"]
[Black "Samson, Larry"]
[Result "1-0"]
[WhiteElo "2034"]
[BlackElo "1531"]
[PlyCount "99"]
[GameId "2160767909356202"]
[EventDate "2013.05.07"]
[EventType "swiss"]
[EventRounds "4"]
[EventCountry "CAN"]
[SourceTitle "EXT 2022"]
[Source "ChessBase"]
[SourceDate "2021.10.06"]
[SourceVersion "1"]
[SourceVersionDate "2021.10.06"]
[SourceQuality "1"]

1. d4 Nf6 2. c4 g6 3. Nf3 Bg7 4. Nc3 d6 5. h3 Nbd7 6. Bf4 h6 7. e3 c6 8. Rc1 Qa5 9. Bd3 O-O 10. O-O Re8 11. Qc2 Nf8 12. Rb1 N6d7 13. b4 Qd8 14. Bh2 a6 15. d5 c5 16. a3 a5 17. bxa5 Rxa5 18. Nb5 b6 19. e4 Ra8 20. Rfe1 Ba6 21. Nc3 Qc7 22. a4 Ne5 23. Nxe5 dxe5 24. Qb3 Rab8 25. Red1 Qd6 26. Qa3 Ra8 27. Rb3 Nd7 28. Qc1 g5 29. Qe3 Nf8 30. Rdb1 Reb8 31. Qc1 Nd7 32. Qd1 Nf6 33. Ra3 Nd7 34. Rba1 Rb7 35. a5 Rab8 36. Qa4 Ra8 37. Qc6 Nb8 38. Qe8+ Bf8 39. axb6 Rxb6 40. Nb5 Qf6 41. Qd8 Kg7 42. Nc7 Kg8 43. Nxa8 Rd6 44. Qxb8 Bxc4 45. Bxc4 e6 46. Ra6 Rd8 47. Qxe5 Qe7 48. dxe6 f6 49. Qf5 Bg7 50. Ra7 1-0

[Event "Winnipeg TNT May op"]
[Site "Winnipeg CAN"]
[Date "2013.05.21"]
[Round "3"]
[White "Reimer, Bruce"]
[Black "Swift, Ryne"]
[Result "0-1"]
[WhiteElo "1651"]
[BlackElo "1906"]
[PlyCount "96"]
[GameId "2160767909356203"]
[EventDate "2013.05.07"]
[EventType "swiss"]
[EventRounds "4"]
[EventCountry "CAN"]
[SourceTitle "EXT 2022"]
[Source "ChessBase"]
[SourceDate "2021.10.06"]
[SourceVersion "1"]
[SourceVersionDate "2021.10.06"]
[SourceQuality "1"]

1. c4 Nf6 2. g3 c5 3. Bg2 Nc6 4. Nc3 g6 5. e4 Bg7 6. Nge2 O-O 7. O-O d6 8. d3 a6 9. Be3 Bd7 10. Qd2 Rb8 11. Bh6 Qb6 12. Bxg7 Kxg7 13. Nd5 Nxd5 14. exd5 Na7 15. Nf4 Qd8 16. Rfe1 Nc8 17. h4 b5 18. Qc3+ Kg8 19. h5 b4 20. Qd2 Qe8 21. b3 a5 22. h6 e5 23. dxe6 fxe6 24. Bd5 Rf6 25. Qb2 Kf7 26. Re2 Qf8 27. Nxe6 Bxe6 28. Bxe6+ Rxe6 29. Rxe6 Kxe6 30. Re1+ Kd7 31. Qe2 Qf7 32. Qg4+ Kc7 33. d4 Rb7 34. dxc5 dxc5 35. Qg5 Qf5 36. Qd2 Nd6 37. Rd1 Nf7 38. Kg2 Kc6 39. f3 Rd7 40. Qe2 Rxd1 41. Qxd1 Qe5 42. Qd2 Qd4 43. Qe2 Kd7 44. Qe4 Qxe4 45. fxe4 Ng5 46. g4 Nxe4 47. Kf3 Nc3 48. Kf4 Ke6 0-1

[Event "Winnipeg TNT May op"]
[Site "Winnipeg CAN"]
[Date "2013.05.21"]
[Round "3"]
[White "Remillard, John"]
[Black "Le Dorze, Philippe"]
[Result "0-1"]
[WhiteElo "1633"]
[BlackElo "1777"]
[PlyCount "68"]
[GameId "2160767909356204"]
[EventDate "2013.05.07"]
[EventType "swiss"]
[EventRounds "4"]
[EventCountry "CAN"]
[SourceTitle "EXT 2022"]
[Source "ChessBase"]
[SourceDate "2021.10.06"]
[SourceVersion "1"]
[SourceVersionDate "2021.10.06"]
[SourceQuality "1"]

1. Nf3 b6 2. c4 Bb7 3. Nc3 Nf6 4. d4 d5 5. cxd5 Nxd5 6. e4 Nxc3 7. bxc3 Bxe4 8. Ng5 Qd5 9. c4 Qf5 10. g4 Qg6 11. f3 Bc2 12. Qd2 h6 13. Nh3 Ba4 14. Nf4 Qf6 15. Nd5 Qh4+ 16. Ke2 Na6 17. Qf4 e6 18. Nxc7+ Nxc7 19. Qxc7 Bb4 20. Rb1 Qe1+ 21. Kd3 Qc3+ 22. Ke2 Qc2+ 23. Ke3 Qxb1 24. Bd3 Qxa2 25. h4 O-O 26. Rh2 Qb3 27. g5 Qd1 28. Bb2 Qe1+ 29. Re2 Bd2+ 30. Ke4 Qxh4+ 31. f4 Bc6+ 32. d5 exd5+ 33. cxd5 Qh1+ 34. Kd4 Qxd5# 0-1

[Event "Winnipeg TNT May op"]
[Site "Winnipeg CAN"]
[Date "2013.05.21"]
[Round "3"]
[White "Rutter, Blair"]
[Black "Wolchock, Theo"]
[Result "1/2-1/2"]
[WhiteElo "1864"]
[BlackElo "1717"]
[PlyCount "56"]
[GameId "2160767909356205"]
[EventDate "2013.05.07"]
[EventType "swiss"]
[EventRounds "4"]
[EventCountry "CAN"]
[SourceTitle "EXT 2022"]
[Source "ChessBase"]
[SourceDate "2021.10.06"]
[SourceVersion "1"]
[SourceVersionDate "2021.10.06"]
[SourceQuality "1"]

1. c4 c5 2. g3 g6 3. Nc3 Bg7 4. Bg2 Nc6 5. e4 e6 6. Nge2 Nge7 7. O-O O-O 8. d3 Nd4 9. h3 Nec6 10. Be3 a6 11. f4 d6 12. Qd2 Rb8 13. Rae1 b5 14. b3 Bd7 15. Kh2 Qc7 16. g4 b4 17. Nd1 Nxe2 18. Rxe2 Nd4 19. Ref2 f5 20. exf5 exf5 21. g5 Bc6 22. Bxd4 Bxd4 23. Re2 Bxg2 24. Kxg2 Qc6+ 25. Kg3 Rfe8 26. Rfe1 Kf7 27. Rxe8 Rxe8 28. Re2 Qd7 1/2-1/2

[Event "Winnipeg TNT May op"]
[Site "Winnipeg CAN"]
[Date "2013.05.21"]
[Round "3"]
[White "Schulz, Waldemar"]
[Black "De Groot, Steven"]
[Result "1/2-1/2"]
[WhiteElo "1975"]
[BlackElo "1976"]
[PlyCount "62"]
[GameId "2160767909356206"]
[EventDate "2013.05.07"]
[EventType "swiss"]
[EventRounds "4"]
[EventCountry "CAN"]
[SourceTitle "EXT 2022"]
[Source "ChessBase"]
[SourceDate "2021.10.06"]
[SourceVersion "1"]
[SourceVersionDate "2021.10.06"]
[SourceQuality "1"]

1. Nf3 Nf6 2. c4 g6 3. b3 Bg7 4. Bb2 O-O 5. g3 d5 6. cxd5 Qxd5 7. Bg2 Rd8 8. O-O Nc6 9. d3 Qa5 10. Nbd2 Bg4 11. Nc4 Qf5 12. Ne3 Qd7 13. Nxg4 Nxg4 14. Bxg7 Kxg7 15. Qc2 e5 16. Rac1 Nf6 17. Rfe1 Nd5 18. Qc5 Qe6 19. Nd2 Rac8 20. Ne4 Qe7 21. a3 a6 22. b4 h6 23. Nd2 Qxc5 24. Rxc5 Nce7 25. Rec1 c6 26. R5c2 Rc7 27. Ne4 Nf5 28. Nc5 Nd4 29. Rb2 Re7 30. Nb3 Nxb3 31. Rxb3 Nc7 1/2-1/2